000 00410nam a2200169 a 4500
001 0000-8855
003 ELIB.Books
008 110520 1990
035 _a(ELIB.Books)0000-9001
082 _a289.9
_bRot
100 _aRoth, Sid
245 _aTime is running short
260 _bU.S.A.: Messianic Vision
_c1990
650 _aReligion
942 _2ddc
_cBK
998 _cbat
_e2011-05-20
999 _c8855
_d8855